00894naa#a2200181#i#4500001002300000005001700023011001400040100004100054102000700095200023900102210016900341215001000510608004500520675007700565700002800642700002800670856001400698RU\INFRA-M\bibl\10572220260517142902.7##a1998-0701##a20250925b2025####ek#y0rusy0150####ca##aRU1#aФормирование устойчивой системы экономической безопасности банка в условиях санкционного противодействияeЖурнальная статья1#aМоскваcОбщество с ограниченной ответственностью «Научно-издательский центр ИНФРА-М»d2025##a5 с.##aЖурнальная статья2local##aПроверка отчетности. Аудит. Ревизия. 657.6#1aГрибинаgЕ. Н.#1aЧулюковgА. Д.4#azh-szf.ru